00883nam a2200169Ia 4500008004100000020001800041082001400059100001800073245014100091260004400232300001000276440005200286500012100338650013700459952010000596999001700696120622s9999 xx 000 0 und d a968-16-3725-9 a332 T238e aTaylor, Lance aEstabilización y acrecimiento en los países en desarrollo : un enfoque estructuralista / Lance Taylor ; trad. de Eduardo L. Suárez aMéxico : Fondo de Cultura Económica a113 p aSeción de Obras de Economía Contemporánea aTítulo original: Stabilization and Growth in Developing Countries a Structuralist Approach. Incluye bibliografía a1. FINANZAS - PAISES EN DESARROLLO. 2. PAISES EN DESARROLLO - POLITICA ECONOMICA. 3. ESTABILIDAD ECONOMICA - PAISES EN DESARROLLOÌ 00104070a01b01d2007-01-25l1o332 T238Ep01 003263r2018-08-06s2018-08-06w2012-06-24yLB c60206d60206